000 00714nam a22002297a 4500
003 UA-OsUOA
001 27867
007 ta
008 20040915b un ||||| |||| 00| 0 ukr d
090 _a796.015.2
_bУ67
942 _cBK
040 _aUA-OsUOA
_brus
_cUA-OsUOA
_dUA-OsUOA
245 _aУправление подготовкой спортсменов высой квалификации в спортивных играх
_bСборник научных трудов
_cРед. Л.А.Латышкевич
300 _a187 с.
_bІлюстрації
955 _a0
041 _arus
080 _a796.015.2
260 _aКиев
_bКГИФК
_c1989
044 _aRU
650 7 _2UDC
999 _c314219
_d314219